| 000 | 01340nam a2200265Ia 4500 | ||
|---|---|---|---|
| 001 | 18185 | ||
| 003 | GE_BSU | ||
| 008 | 181216s||||||||xx |||||||||||||| ||und|| | ||
| 020 | _a978-9941-10-991-1 | ||
| 040 | _cGE_BSU | ||
| 080 | _a34(09)+32.001 | ||
| 245 | _aსამართლისა და პოლიტიკური აზროვნების ისტორიის ნარკვევები. წ. 3 | ||
| 245 | _bკრებული | ||
| 245 | _cრედ. გოჩა ფერაძე | ||
| 250 | _aთინათინ წერეთლის სახელმწიფოსა და სამართლის ინ-ტი | ||
| 260 | _aთბილისი | ||
| 260 | _bმერიდიანი | ||
| 260 | _c2015 | ||
| 300 | _a796 გვ. : პორტრ.21სმ. | ||
| 300 | _eბიბლ.გვ.741-790 | ||
| 520 | _aთავფურ. მე-3 გვ.ინგლ.ენ.: ეძღვნება იურიდიული მეცნ. დოქტორის, პროფ. ივანე სურგულაძის ხსოვნას | ||
| 653 | _aკრებული | ||
| 653 | _aსამართლისა და პოლიტიკური აზროვნების ისტორიის ნარკვევები | ||
| 942 | _cBK | ||
| 999 |
_c51225 _d51225 |
||